| 000 | 00600cam a2200169 4500 | ||
|---|---|---|---|
| 020 | _a0070941122 | ||
| 082 | 0 | 0 |
_a624.171 _bJEN _cL-38, P-106 |
| 100 | 1 |
_aJenkins, W. M. _942692 |
|
| 245 | 1 | 0 |
_aMatrix and digital computer methods in structural analysis _c[by] W. M. Jenkins. |
| 260 |
_aLondon, _aNew York, _bMcGraw-Hill _c[1969] |
||
| 300 |
_axiii, 209 p. _billus. _c24 cm. |
||
| 490 | 0 | _aEuropean civil engineering series | |
| 526 |
_a0 _b0 _c0 _d624_171000000000000_JEN |
||
| 650 | 0 |
_aMCE _9379 |
|
| 650 | 0 |
_aStructural analysis (Engineering) _xMatrix methods _xData processing. _942693 |
|
| 942 |
_2ddc _cBK |
||
| 999 |
_c546540 _d546540 |
||